• 首页
  • 本馆介绍
  • 公告通知
  • 最新文献
  • 馆藏检索
  • 电子资源
  • 读者导购
  • 参考咨询
  • 我的图书馆
  • 登录
  • 详细信息显示
  • 放入我的书架
  • 预约/预借图书
  • 作者相关作品
  • 分类相关作品
  • 丛书相关作品
  • 出版社相关作品

书目信息

  • 表格格式
  • 工作单格式
  • 卡片格式
题名:
品格教育论
    
 
作者: 丁锦宏 著
分册:  
出版信息: 北京   人民教育出版社  2005
页数: 283页
开本: 23cm
丛书名: 当代德育新理论丛书
单 册:
中图分类: G416 , G410
科图分类:
主题词: 学校教育 , 品德教育 , 学校教育--品德教育--研究--中国
电子资源:
ISBN: 7-107-18784-8
000 01040nam0 2200313 450
000 01040nam0 2200301 450
000 00973nam0 2200277 450
000 00937nam0 2200265 45
005 20070727101952.63
010 0  @a7-107-18784-8@dCNY28.60
100    @a20070709d2006 em y0chiy0120 ea
101 0  @achi
102    @aCN@b110000
105    @ay z 000yy
200 1  @a品格教育论@APin Ge Jiao Yu Lun@f丁锦宏著@FDing Jin Hong Zhu
210    @a北京@c人民教育出版社@d2005
215    @a283页@d23cm
225 2  @a当代德育新理论丛书
300    @a教育部人文社会科学重点研究基地项目
330    @a本书探索学校道德教育如何应对可能出现的“去道德化的教育”现象,以及如何真正发挥学校道德教育在传递社会基础和核心价值,培养受教育者德性品质的作用问题。
410  0 @12001 @a当代德育新理论丛书
606 0  @a学校教育
606 0  @a品德教育
606 0  @a学校教育@x品德教育@x研究@y中国
690    @aG416@v4
690    @aG410@v3
701  1 @a丁锦宏@ADing Jin Hong@f(1966~)@4著
801  0 @aCN@bTAOJIN@c20070727
905    @a10447@dG410@e34
    
    品格教育论/丁锦宏著.-北京:人民教育出版社,2005
    283页;23cm.-(当代德育新理论丛书)
    教育部人文社会科学重点研究基地项目
    
    ISBN 7-107-18784-8:CNY28.60
    本书探索学校道德教育如何应对可能出现的“去道德化的教育”现象,以及如何真正发挥学校道德教育在传递社会基础和核心价值,培养受教育者德性品质的作用问题。
●
相关链接 在E读中查询图书 在五车中查询图书 在当当中查询图书 在豆瓣中查询图书


正题名:品格教育论     索取号:G410/34         预约/预借

序号 登录号 条形码 馆藏地/架位号 状态 备注
1 0820630   208206305   第一样本阅览室/ [索取号:G410/34] 在馆    
2 0820631   208206314   第四借阅区/ [索取号:G410/34] 在馆    
3 0820632   208206323   第四借阅区/ [索取号:G410/34] 在馆    
4 0820633   208206332   第四借阅区/ [索取号:G410/34] 在馆    
5 0820634   208206341   第四借阅区/ [索取号:G410/34] 在馆    
唐山师范学院图书馆 欢迎您!
大连网信软件有限公司© 版权所有